00996nam a22002657a 4500003000500000005001700005008004100022010001000063011001000073035001100083040000900094100003500103245018200138260012200320300002000442490006200462650002000524650002700544650002800571650001400599650002100613650002100634650001300655830006200668CHAP20220817044158.0070912d2005 mx d r 00110 spa d a93993 a94965 a105567 cCHAP1 aCruz Nieva, Leïla Oulhaj de.10aHistoria del cooperativismo:bla era de la globalización del microfinanciamiento; La Grameen Bank, un instrumento de lucha contra la pobrezac/por Leïla Oulhaj de Cruz Nieva aMéxico, D. F. :bCamara de Diputados LIX Legislatura. Comisión de Fomento Cooperativo y Economía Social,c2005. a44 p. :btablas 0aCuadernos cooperativos y de economía socialv; Núm. 914aCooperativismo.14aCrédito cooperativo.14aDesarrollo económico.14aFinanzas.14aGlobalización.14aMicroeconomía.14aPobreza. 0aCuadernos cooperativos y de economía socialv; Núm. 9